Normal view
MARC view
- Itskov, Mikhail.
Entry Personal Name
001 - CONTROL NUMBER
- control field: 30313
003 - CONTROL NUMBER IDENTIFIER
- control field: NUST
005 - DATE AND TIME OF LATEST TRANSACTION
- control field: 20200921095247.0
008 - FIXED-LENGTH DATA ELEMENTS
- fixed length control field: 200921|| aca||aabn | a|a d
040 ## - CATALOGING SOURCE
- Original cataloging agency: NUST
- Transcribing agency: NUST
100 ## - HEADING--PERSONAL NAME
- Personal name: Itskov, Mikhail.
670 ## - SOURCE DATA FOUND
- Source citation: Work cat.: (NUST)0: Itskov, Mikhail. author., Tensor Algebra and Tensor Analysis for Engineers :
